Normativa básica de Protección de Datos de la Iglesia Católica en España.
Zapisane w:
| 1. autor: | |
|---|---|
| Kolejni autorzy: | |
| Format: | Nieznany |
| Język: | angielski |
| Wydane: |
Murcia, España:
Ediciones Laborum,
2022.
|
| Wydanie: | 1a. Edición. |
| Seria: | Colección Derecho Canónico.
|
| Hasła przedmiotowe: | |
| Etykiety: |
Dodaj etykietę
Nie ma etykietki, Dołącz pierwszą etykiete!
|
MARC
| LEADER | 00000 a2200000 4500 | ||
|---|---|---|---|
| 003 | CL-VaPUC | ||
| 005 | 20230327114240.0 | ||
| 008 | 221018b2022 ||||| |||| 00| 0 eng d | ||
| 020 | |a 9788419145246 | ||
| 040 | |c Pontificia Universidad Católica de Valparaíso | ||
| 082 | |2 22 |a 346.46033 LOP 2022 | ||
| 100 | |a López Nieto, Jesús Miguel |9 877725 |e autor | ||
| 245 | |a Normativa básica de Protección de Datos de la Iglesia Católica en España. | ||
| 250 | |a 1a. Edición. | ||
| 260 | |a Murcia, España: |b Ediciones Laborum, |c 2022. | ||
| 300 | |a 446 páginas. | ||
| 490 | |a Colección Derecho Canónico. | ||
| 583 | |k GC |c 20221018 | ||
| 650 | 0 | |9 458929 |a Protección de datos personales |x Confesiones religiosas |x Iglesia Católica |z España | |
| 650 | 0 | |9 255013 |a Derecho civil |x Protección de datos personales |x Normas canónicas |z España | |
| 700 | |9 367685 |a Martínez Soler, José Antonio |e autor | ||
| 942 | |2 ddc |c BK | ||
| 999 | |c 439001 |d 438999 | ||
| 952 | |0 0 |1 0 |2 ddc |4 0 |6 346_460330000000000_LOP_2022 |7 0 |8 A |9 587311 |a BIBDER |b BIBDER |c GEN |d 2022-10-14 |e 36 |g 43827.66 |i 5655242 |l 1 |o 346.46033 LOP 2022 |p 5655242 |r 2023-08-03 |s 2023-07-04 |t 1 |v 43827.66 |w 2022-10-14 |y BK |k DER | ||
| 952 | |0 0 |1 0 |2 ddc |4 0 |6 346_460330000000000_LOP_2022 |7 0 |8 A |9 589276 |a BIBDER |b BIBDER |c GEN |d 2023-03-27 |e 36 |g 28984.84 |i 5656831 |l 1 |m 5 |o 346.46033 LOP 2022 |p 5656831 |r 2025-03-24 |s 2023-04-06 |t 2 |v 28984.84 |w 2023-03-27 |y BK |k DER | ||